Focus sur: Gorbag - Tolkien - Statistiques

Statistiques générales
  • Ce quiz a été pris 6 fois
  • Le résultat moyen est 5 sur 8
Statistiques - réponses
Informations recherchées Réponses % Correct
Age durant lequel il vécut Troisième
100%
Espèce Orque
83%
Profession Patrouilleur/Soldat
83%
Première apparition Le Seigneur des Anneaux: Les Deux Tours
67%
Cité Minas Morgul
50%
Contrée Mordor
50%
Groupe de l'espèce Uruk
50%
Acteur l'interprétant dans les films Stephen Ure
17%
Aucun quiz correspondant
Distribution des résultats
% des personnes avec chaque résultat
Percentile par nombre de réponses
Votre historique - résultats
Vous n’avez pas pris ce quiz